Posúdenie bezpečnosti v sklade expedície vo výrobnom podniku

Salvato in:
Dettagli Bibliografici
Autore principale: Kollár, Richard (Autore)
Altri autori: Szabová, Zuzana (Relatore della tesi)
Natura: Manoscritto Libro
Lingua:slovacco
Pubblicazione: 2023
Soggetti:
Accesso online:http://is.stuba.sk/zp/portal_zp.pl?podrobnosti=161603
Tags: Aggiungi Tag
Nessun Tag, puoi essere il primo ad aggiungerne!!

MARC

LEADER 00000ntm a22000003a 4500
001 stuzp94633
003 SK-STU
005 20230909222718.4
007 ta
008 150427s2015----xo-----f-mn---000-0-slo-d
040 |a STU  |b slo 
041 0 |a slo 
100 1 |a Kollár, Richard  |u 065000  |4 aut  |U MTF Materiálovotechnologická fakulta  |T MTF Ústav integrovanej bezpečnosti  |X 109886  |U M5000  |Y 85  |7 109886 
242 0 1 |a Safety assessment in the warehouse of the expedition in the production company  |y eng 
245 1 0 |a Posúdenie bezpečnosti v sklade expedície vo výrobnom podniku 
260 |c 2023 
650 4 |a bezpečnosť  |2 slo 
650 4 |a sklad  |2 slo 
650 4 |a analýza rizík  |2 slo 
650 4 |a návrh opatrení  |2 slo 
650 4 |a safety  |2 eng 
650 4 |a warehouse  |2 eng 
650 4 |a risk analysis  |2 eng 
650 4 |a proposal of measures  |2 eng 
700 1 |a Szabová, Zuzana  |u 065200  |k Z1  |4 ths  |U MTF Ústav integrovanej bezpečnosti  |T MTF Katedra bezpečnostného inžinierstva  |X 4741  |U M5200  |Y 192  |7 A000004741 
856 4 |u http://is.stuba.sk/zp/portal_zp.pl?podrobnosti=161603 
996 |c M* BP-9599  |l MMSKP  |s P  |a 0  |w stuzp94633_0001